000 01188nam2a2200253 4500
001 RU\NLR\BIBL_A\010826010
005 20250614103102.0
010 _a978-5-389-09843-5
_92500
021 _aRU
_b2015-53862
_93181
035 _a(NLR Aleph) 010826010
090 _a10264486
_c10264486
100 _a20150827d2015 |||y0rusy50 ca
101 1 _arus
_ceng
102 _aRU
105 _aa|||z|||000ay
200 1 _aМесть
_f[пер. с англ. Т. Голубевой]
210 _d2015
_aБ. м.
215 _a318, [1] с.
_cил.
461 0 _1001RU\NLR\BIBL_A\010478043
_12000#$aГладиатор$e[роман$eдля среднего школьного возраста]$fСаймон Скэрроу$g[пер. с англ. Антонины Костровой]$vКн. 4
_1700#1$aСкэрроу$bС.$gСаймон
_910053804
_aСкэрроу, С.
_cСанкт-Петербург [и др.]
_d2014
_fСаймон Скэрроу
_nАзбука [и др.]
_o[роман : для среднего школьного возраста]
_tГладиатор
_vКн. 4
942 _cBOOK
980 _aNB